00756nam a2200205Ia 4500003000900000008004100009040001600050080002700066110003300093245011500126260005000241300000900291500001900300650004500319650001800364650002100382942000700403999001500410952012500425IN-BaIIA211028s9999 xx 000 0 eng d cIIA Library a083.7:53.081.1:62bISI aIndian Standards Institution 0aIndian standard equivalent metric units for quantities in mechanical engineeringcIndian Standards Institution aNew DelhibIndian Standards Institutionc1962 a18p. aIS 1926 : 1961 a Mechanical Engineering-Standards99146 a Standards  aNASA Thesaurus  cBK c5160d5160 00104070aBANbBANcGENd1976-12-22g8.00l0o083.7:53.081.1:62/ ISIp5761r2021-11-05v8.00w1976-12-22yBKGRs. 8.00